Former Big League Sports Cities - Statistics

General Stats
  • This quiz has been taken 24 times
  • The average score is 4 of 11
Answers on the Grid
Answers color-coded by a green-red scale on the quiz's grid according to % correct below.
Quebec City
Saskatoon
Providence
Rochester
Syracuse
Albuquerque
Oakland
Austin
Honolulu
Birmingham
Fort Wayne
Akron
Louisville
Albany
Spokane
Fresno
Hartford
Duluth
Portsmouth
Hamilton
 
Answer Stats
Answer % Correct
Oakland
68%
Quebec City
64%
Syracuse
45%
Rochester
41%
Fort Wayne
36%
Hartford
36%
Providence
36%
Akron
27%
Portsmouth
27%
Hamilton
18%
Duluth
14%
No matching quizzes found
Score Distribution
Percent of People with Each Score
Percentile by Number Answered
Your Score History
You have not taken this quiz